Indian States Size Comparison - Statistics

General Stats
  • This quiz has been taken 30 times
    24 since last reset
  • The average score is 18 of 32
Answer Stats
Answer % Correct
Gujarat
90%
Rajasthan
90%
Tamil Nadu
80%
Uttar Pradesh
80%
Maharashtra
75%
Karnataka
70%
Kerala
70%
Madhya Pradesh
70%
Telangana
70%
Andhra Pradesh
65%
Jammu & Kashmir
65%
Odisha
65%
Punjab
65%
West Bengal
65%
Arunachal Pradesh
60%
Assam
60%
Bihar
60%
Goa
60%
Himachal Pradesh
60%
Jharkhand
60%
Sikkim
60%
Uttarakhand
60%
Haryana
55%
Delhi
50%
Chandigarh
25%
Chhatisgarh
25%
Daman & Diu
25%
Ladakh
25%
Lakshadweep
25%
Puducherry
25%
Andaman & Nicobar Islands
10%
Dadra & Nagar Haveli
5%
No matching quizzes found
Score Distribution
Percent of People with Each Score
Percentile by Number Answered
Your Score History
You have not taken this quiz since the last reset